书目信息 |
| 题名: |
社会改良还是社会革命?
|
|
| 作者: | 卢森堡 著 | |
| 分册: | ||
| 出版信息: | 北京 三联书店 1958.07 |
|
| 页数: | 114页 | |
| 开本: | 20cm | |
| 丛书名: | ||
| 单 册: | ||
| 中图分类: | C02 | |
| 科图分类: | ||
| 主题词: | 社会科学--哲学理论 | |
| 电子资源: | ||
| ISBN: | ||
| 000 | 00593nam0 2200205 45 | |
| 001 | 0412291674 | |
| 005 | 20060728174111.12 | |
| 010 | @dCNY0.34 | |
| 091 | @a3002.52 | |
| 100 | @a20041229d1958 km y0chiy0120 ea | |
| 101 | 0 | @achi@cger |
| 105 | @aa z 000yy | |
| 200 | 1 | @a社会改良还是社会革命?@Ashe hui gai liang hai shi she hui ge ming?@f(德)罗莎·卢森堡著@F(De)Luo Sha·Lu Sen Bao Zhu |
| 210 | @a北京@c三联书店@d1958.07 | |
| 215 | @a114页@c肖像@d20cm | |
| 606 | 0 | @a社会科学@x哲学理论 |
| 690 | @aC02@v3 | |
| 701 | 0 | @a卢森堡@4著 |
| 801 | @aCN@bTSTCL@c20060728 | |
| 905 | @f1@b1172@dC02@e2 | |
| 社会改良还是社会革命?/(德)罗莎·卢森堡著.-北京:三联书店,1958.07 |
| 114页:肖像;20cm |
| ISBN :CNY0.34 |
| ● |
| 相关链接 |
|
|
|
|
正题名:社会改良还是社会革命?
索取号:C02/2
 
预约/预借
| 序号 | 登录号 | 条形码 | 馆藏地/架位号 | 状态 | 备注 |
| 1 | 0001170 | 001121084 | 第一样本阅览室/ [索取号:C02/2] | 在馆 | |
| 2 | 0001171 | 202303417 | 密集书库/ [索取号:C02/2] | 在馆 | |
| 3 | 0001172 | 001121093 | 第一借阅区/ [索取号:C02/2] | 在馆 | |
| 4 | 0440627 | 204406277 | 密集书库/ [索取号:C02/2] | 在馆 | |
| 5 | 0440628 | 204406286 | 密集书库/ [索取号:C02/2] | 在馆 | |
| 6 | 0440629 | 204406295 | 密集书库/ [索取号:C02/2] | 在馆 |